10 Largest Military Personnels in EU Countries - Statistics

General Stats
  • This quiz has been taken 87 times
  • The average score is 8 of 10
Answer Stats
rank Country Personnel % Correct
4 France 355 250
95%
9 Germany 226 770
91%
2 Italy 377 800
91%
8 Spain 229 800
86%
3 Greece 364 000
78%
7 United Kingdom 248 250
78%
6 Portugal 302 250
71%
10 Romania 196 300
71%
1 Finland 379 000
63%
5 Bulgaria 355 300
58%
No matching quizzes found
Score Distribution
Percent of People with Each Score
Percentile by Number Answered
Your Score History
You have not taken this quiz